Central Library OPAC University of Rajshahi

Exploring corporate strategy / (Record no. 58932)

MARC details
000 -LEADER
fixed length control field 00870nam a2200289 a 4500
001 - CONTROL NUMBER
control field 58932
003 - CONTROL NUMBER IDENTIFIER
rucl marc code BD-RjUL
005 - DATE AND TIME OF LATEST TRANSACTION
control field 20211209080655.0
008 - FIXED-LENGTH DATA ELEMENTS--GENERAL INFORMATION
fixed length control field 161220s1999 enkab b 001 0 eng
020 ## - INTERNATIONAL STANDARD BOOK NUMBER
International Standard Book Number 0130807397
International Standard Book Number 0130807400 (text & cases)
035 ## - SYSTEM CONTROL NUMBER
System control number (BD-RjUL)
040 ## - CATALOGING SOURCE
Original cataloging agency DLC
Transcribing agency DLC
Language of cataloging eng
041 ## - LANGUAGE CODE
Language code of text/sound track or separate title eng
082 00 - DEWEY DECIMAL CLASSIFICATION NUMBER
Classification number 658.4012
Edition number 23
Author mark and year JOE 1999
100 1# - MAIN ENTRY--PERSONAL NAME
Personal name Johnson, Gerry.
9 (RLIN) 175242
245 10 - TITLE STATEMENT
Title Exploring corporate strategy /
Statement of responsibility, etc. Gerry Johnson, Kevan Scholes.
250 ## - EDITION STATEMENT
Edition statement 5th ed.
260 ## - PUBLICATION, DISTRIBUTION, ETC. (IMPRINT)
Place of publication, distribution, etc. London ;
-- New York :
Name of publisher, distributor, etc. Prentice Hall Europe,
Date of publication, distribution, etc. 1999.
300 ## - PHYSICAL DESCRIPTION
Pagination xxvi, 972 p. :
Illustrations ill., map ;
Size 25 cm.
504 ## - BIBLIOGRAPHY, ETC. NOTE
Bibliography, etc Includes bibliographical references and index.
650 #0 - SUBJECT ADDED ENTRY--TOPICAL TERM
Topical term or geographic name as entry element Business planning.
9 (RLIN) 175243
Topical term or geographic name as entry element Strategic planning.
9 (RLIN) 175244
700 1# - ADDED ENTRY--PERSONAL NAME
Personal name Scholes, Kevan.
942 ## - ADDED ENTRY ELEMENTS (KOHA)
Source of classification or shelving scheme Dewey Decimal Classification
Koha item type Books
Holdings
Lost status Source of classification or shelving scheme Damaged status Not for loan Collection code Permanent Location Current Location Shelving location Date acquired Source of acquisition Cost, normal purchase price Total Checkouts Full call number Date last seen Copy number Koha item type
  Dewey Decimal Classification   Not For Loan Non-fiction Central Library, University of Rajshahi Central Library, University of Rajshahi Reading Room 25/11/2002 Swits & Zillinger 1453.00   658.4012 JOE 1999 20/12/2016 C-1 Books